|
|
|
|
| LEADER |
00000nab a2200000 ar4500 |
| 001 |
vtls008998060 |
| 003 |
SK-MaSNL |
| 005 |
20260303065829.0 |
| 008 |
070614c20070606xo mr|p|||||||000 b|slo |
| 015 |
|
|
|a SNKBUCL2007/06
|2 snkbucl
|
| 038 |
|
|
|a SNKBUCL
|
| 040 |
|
|
|a SNKBUCL
|b slo
|c SNKBUCL
|e AACR2
|
| 041 |
0 |
|
|a slo
|
| 044 |
|
|
|a xo
|c SK
|
| 080 |
|
|
|a 796.332
|x (437.6)
|2 2001
|
| 245 |
0 |
0 |
|a Osedlali vietor
|b hodnotíme účastníkov Corgoň ligy 2006/07 1. miesto: MŠK Žilina
|
| 300 |
|
|
|b Fotogr., tab.
|
| 610 |
2 |
7 |
|a MŠK Žilina
|2 snkbucl
|9 853855
|
| 648 |
|
7 |
|a sezóna 2006/2007
|2 snkbucl
|9 1032718
|
| 650 |
0 |
7 |
|a futbal
|2 snkbucl
|9 3291
|
| 650 |
0 |
7 |
|a Corgoň liga
|2 snkbucl
|9 848915
|
| 650 |
0 |
7 |
|a 1. miesto
|2 snkbucl
|9 1032086
|
| 773 |
0 |
|
|t Šport
|g Roč. 61, č. 129 (6.6.2007), s. 10-11
|x 0139-7001
|
| 852 |
|
|
|a SNK
|b KIS3GCP
|
| 999 |
|
|
|c 1752910
|d 1754840
|